00485nam a22001457a 4500003000500000038001800005082000800023100001700031245011100048264003300159300002300192650003500215700003200250856005700282NUST aNusrat Nadeem a200 aMaalik Rabia aGREEN SUPPLY CHAIN NETWORK DESIGN TO STUDY THE EFFECTS OF WASTE MANAGEMENT ON ENVIRONMENT/cRabia Maalik,  aIslamabad,bNBS NUST,c2023. aill:b91,p:c30,p: aMS-Operations and Supply Chain aSupervisor: Dr. Waqas Ahmed uhttp://10.250.8.41:8080/xmlui/handle/123456789/39220